01351cam a2200337 a 4500001000800000005001700008008004100025010001700066020001500083020002600098040001800124041001300142050002400155082001900179100002900198240003100227245020500258260003800463300002500501490002900526500002800555504006400583600003500647650002200682650002700704653001700731856008900748942001200837999001700849952014700866159687520060724083202.0940518s1994 nyu b 001 0 eng  a 94020564  a0415389577 a9780415389570c$16.95 aDLCcDLCdDLC1 aenghfre00aHX39.5b.D4613 199400a335.4222bDER1 aDerrida, Jacques.92379810aSpectres de Marx.lEnglish10aSpecters of Marx :bThe State of the Debt, the Work of Mourning, and the New International /cJacques Derrida ; translated by Peggy Kamuf ; with an introduction by Bernd Magnus and Stephen Cullenberg. aNew York :bRoutledge, 2006c2006 axx, 258 p. ;c24 cm. 94645aRoutledge classics aTranslated from French. aIncludes bibliographical references (p. 177-196) and index.10aMarx, Karl,d1818-1883.923799 0aCommunism.923800 0aPost-communism.923801 bPolcMay2011423Publisher descriptionuhttp://www.loc.gov/catdir/enhancements/fy0664/94020564-d.html 2ddccBB c15277d15277 00102ddc40708BaccahaMAINbMAINc1STd2011-05-12epurchaseg155.00h12250l1m1o335.4 DERp000023548r2025-07-15 00:00:00s2014-04-22yBB